| 000 | 01249nam a22002777a 4500 | ||
|---|---|---|---|
| 999 |
_c118338 _d118338 |
||
| 003 | dpl | ||
| 005 | 20190111163524.0 | ||
| 008 | 190111b ||||| |||| 00| 0 eng d | ||
| 010 | _aA-994807, A-994811 | ||
| 020 |
_c325.00 _a8186803686 |
||
| 035 | _aA-994807, A-994811 | ||
| 037 | _bCen Lib/Ret | ||
| 040 |
_aDPL _bHN _c0 |
||
| 082 |
_a420 _bरत्तूकृ |
||
| 100 |
_aरत्तू, कृष्ण कुमार _979603 |
||
| 245 |
_aव्यावहारिक हिंदी : _cकृष्ण कुमार रत्तू _bनयी भाषा संरचना / |
||
| 246 |
_aVyavaharik hindi : nayi bhasha sanrachana / _bby Krishan Kumar Rattoo |
||
| 260 |
_aजयपुर _bनेशनल पब्लिशिंग हाउस _c2000 |
||
| 270 |
_bजयपुर _a377, चौड़ा रास्ता _e302003 |
||
| 300 |
_avi,253पृ. _c20सेमी(सजिल्द ) |
||
| 650 |
_aहिन्दी --भाषा _x _z _979604 |
||
| 650 |
_aहिन्दी --भाषा--भाषा संरचना _979605 |
||
| 650 |
_aHindi--bhasha _943966 |
||
| 650 |
_aHindi--bhasha--Language Structure _979606 |
||
| 942 |
_2ddc _cHN _h420 _mरत्तूकृ |
||